000 01508nam2a2200289 4500
001 RU\NLR\BIBL_A\010024075
005 20250613200354.0
010 _a978-5-8459-0082-1
_91000
021 _aRU
_b2013-94956
_96584
035 _a(NLR Aleph) 010024075
090 _a9916358
_c9916358
100 _a20140122d2014 |||y0rusy50 ca
101 1 _arus
_ceng
102 _aRU
105 _aa ||z|||||1
200 1 _aСортировка и поиск
_f[пер. с англ. и ред. к.т.н. В.Т. Тертышного, к.т.н. И.В. Красикова]
210 _d2014
_d[т.е. 2013]
_aБ. м.
215 _a822 с.
_cил.
300 _aЗагл. ориг.: Sorting and searching
300 _aКн. фактически изд. в 2013 г.
320 _aПредм-имен. указ.: с. 804-822
454 0 _12001#$aSorting and searching
_tSorting and searching
461 0 _1001RU\NLR\BIBL_A\010196394
_12000#$aИскусство программирования$e[перевод с английского]$fДональд Э. Кнут$gпод общ. ред. д.ф.-м.н., проф. Ю.В. Козаченко$vТ. 3
_1700#1$aКнут$bД. Э.$gДональд Эрвин$f1938-
_910223990
_aКнут, Д. Э. (1938-)
_cМосква [и др.]
_d2014
_e2-е изд.
_fДональд Э. Кнут
_nВильямс
_o[перевод с английского]
_tИскусство программирования
_vТ. 3
942 _cBOOK
980 _aNB